000 00773nam a2200277Ia 4500
001 Para_8969
003 CHAP
008 220125s2004 xx 000 0 und d
010 _a207747
040 _cCHAP
082 _aPA 646.7 W5
100 _aWilliams, Pat
_9174241
245 _aÚnete al equipo :
_b lecciones para triunfar en la vida /
_c por Pat Williams
260 _aMéxico, D.F. :
_b Selector
300 _a224 p.
440 _aColección superación personal
_9174242
650 _aMotivación (psicología)
_979090
650 _aSuperación personal
_9143097
901 _aPA 646.7 W5
902 _aA
905 _a0000002004 x 0000000000 00
910 _a2004
942 _cPARA
942 _cPARA
_d1
999 _c207747
_d207747